Analytické sledovanie interakcií DNA s vybranými nanočasticami pomocou DNA biosenzora

Saved in:
Bibliographic Details
Main Author: Ramajová, Lenka (Author)
Other Authors: Blaškovičová, Jana (Thesis advisor)
Format: Manuscript Book
Language:Slovak
Published: 2018
Subjects:
Online Access:http://is.stuba.sk/zp/portal_zp.pl?podrobnosti=146240
Tags: Add Tag
No Tags, Be the first to tag this record!

MARC

LEADER 00000ntm a22000003a 4500
001 stuzp69915
003 SK-STU
005 20180602211507.5
007 ta
008 150427s2015----xo-----f-mn---000-0-slo-d
040 |a STU  |b slo 
041 0 |a slo 
100 1 |a Ramajová, Lenka  |u 041000  |4 aut  |U FCHPT Fakulta chemickej a potravinárskej technológie  |T FCHPT Ústav analytickej chémie  |X 42874  |U C1000  |Y 99  |7 42874 
242 0 1 |a Analytical monitoring of DNA interactions with selected nanoparticles using DNA biosensor  |y eng 
245 1 0 |a Analytické sledovanie interakcií DNA s vybranými nanočasticami pomocou DNA biosenzora 
260 |c 2018 
650 4 |a strieborné nanočastice  |2 slo 
650 4 |a DNA biosenzor  |2 slo 
650 4 |a triklosan  |2 slo 
650 4 |a interakcia DNA  |2 slo 
650 4 |a DNA biosensor  |2 eng 
650 4 |a silver nanoparticles  |2 eng 
650 4 |a triclosan  |2 eng 
650 4 |a DNA interaction  |2 eng 
700 1 |a Blaškovičová, Jana  |u 041000  |k Z1  |4 ths  |U FCHPT Fakulta chemickej a potravinárskej technológie  |T FCHPT Ústav analytickej chémie  |X 66699  |U C1000  |Y 99  |7 A0000066699 
856 4 |u http://is.stuba.sk/zp/portal_zp.pl?podrobnosti=146240